ARRUPE JESUIT UNIVERSITY

CORONAVIRUS -STOP THE SPREAD - CLEAN,DISINFECT,COVER

Integrating social work methods / (Record no. 129873)

MARC details
000 -LEADER
fixed length control field 01024cam a2200301 i 4500
001 - CONTROL NUMBER
control field 2254160
003 - CONTROL NUMBER IDENTIFIER
control field ARRUPE
005 - DATE AND TIME OF LATEST TRANSACTION
control field 20190924094624.0
008 - FIXED-LENGTH DATA ELEMENTS--GENERAL INFORMATION
fixed length control field 780208s1977 enka b 001 0 eng
010 ## - LIBRARY OF CONGRESS CONTROL NUMBER
LC control number 77375771
015 ## - NATIONAL BIBLIOGRAPHY NUMBER
National bibliography number GB***
020 ## - INTERNATIONAL STANDARD BOOK NUMBER
International Standard Book Number 0043610250 :
Terms of availability £2.95 ($6.50 U.S.)
020 ## - INTERNATIONAL STANDARD BOOK NUMBER
International Standard Book Number 0043610242 (papercased)
040 ## - CATALOGING SOURCE
Original cataloging agency DLC
Transcribing agency DLC
Modifying agency DLC
050 00 - LIBRARY OF CONGRESS CALL NUMBER
Classification number HV37
Item number .I56
082 00 - DEWEY DECIMAL CLASSIFICATION NUMBER
Classification number 361
300 ## - PHYSICAL DESCRIPTION
Other physical details ill. ;
Dimensions 22 cm.
245 00 - TITLE STATEMENT
Title Integrating social work methods /
Statement of responsibility, etc edited by Harry Specht and Anne Vickery, with Catherine Briscoe, Nano McCaughan and Chris Payne.
260 ## - PUBLICATION, DISTRIBUTION, ETC. (IMPRINT)
Place of publication, distribution, etc London :
Name of publisher, distributor, etc G. Allen & Unwin,
Date of publication, distribution, etc 1977.
300 ## - PHYSICAL DESCRIPTION
Extent 260 p. :
440 #0 - SERIES STATEMENT/ADDED ENTRY--TITLE
Title National Institute social services library ;
Volume number/sequential designation no. 31
9 (RLIN) 48220
504 ## - BIBLIOGRAPHY, ETC. NOTE
Bibliography, etc Includes bibliographical references and index.
650 #0 - SUBJECT ADDED ENTRY--TOPICAL TERM
Topical term or geographic name as entry element Social service.
9 (RLIN) 46221
650 #0 - SUBJECT ADDED ENTRY--TOPICAL TERM
Topical term or geographic name as entry element Social work education.
9 (RLIN) 48221
700 1# - ADDED ENTRY--PERSONAL NAME
Personal name Specht, Harry.
9 (RLIN) 48222
700 1# - ADDED ENTRY--PERSONAL NAME
Personal name Vickery, Anne.
9 (RLIN) 48223
906 ## - LOCAL DATA ELEMENT F, LDF (RLIN)
a 7
b cbc
c orignew
d 4
e ncip
f 19
g y-gencatlg
942 ## - ADDED ENTRY ELEMENTS (KOHA)
Source of classification or shelving scheme Library of Congress Classification
Koha item type Monograph ( Printed materials)
Holdings
Withdrawn status Lost status Source of classification or shelving scheme Damaged status Not for loan Collection code Home library Current library Shelving location Date acquired Total Checkouts Full call number Barcode Date last seen Price effective from Koha item type
    Library of Congress Classification     Main Collection ARRUPE LIBRARY ARRUPE LIBRARY Main Collection 24/09/2019   HV37 .I56 46600000854 24/09/2019 24/09/2019 Monograph ( Printed materials)

 

Arrupe Library. PO Box MP320 Mt Pleasant, Harare, Zimbabwe
263 242 745411|librarian@aju.ac.zw